[Event "EU-ch 4th"]
[Site "Istanbul"]
[Date "2003.06.10"]
[Round "10"]
[White "Kobalia, Mihail"]
[Black "Chuchelov, Vladimir"]
[Result "1-0"]
[WhiteElo "2639"]
[BlackElo "2592"]
[Annotator "Ftacnik,L"]
[PlyCount "122"]
[EventDate "2003.05.30"]
[EventType "swiss"]
[EventRounds "13"]
[EventCountry "TUR"]
[SourceTitle "CBM 096"]
[Source "ChessBase"]
[SourceDate "2003.09.25"]
[SourceVersion "1"]
[SourceVersionDate "2003.09.25"]
[SourceQuality "1"]

1. c4 Nf6 2. Nf3 c5 3. Nc3 e6 4. g3 b6 5. Bg2 Bb7 6. O-O Be7 7. Re1 d5 8. cxd5
exd5 9. d4 O-O 10. Bf4 Nbd7 11. Rc1 Ne4 12. Nxe4 (12. dxc5 Bxc5 13. Rf1 (13.
Nxe4 dxe4 14. Nd2 e3 15. Bxe3 Bxg2 16. Bxc5 Nxc5 17. Kxg2 Qd5+ 18. Nf3 Qxa2 19.
b4 Ne6 20. Qc2 Qxc2 21. Rxc2 a5 {1/2-1/2 Pelletier,Y-Lutz,C/Berlin 2002/ (26)})
13... Nxc3 14. Rxc3 Nf6 15. Rc2 Ne4 16. Ne1 Qf6 17. Nd3 Bd6 18. Bxd6 Qxd6 19.
Qc1 Rac8 20. Rd1 g6 {1/2-1/2 Georgiev,K-Van Wely,L/Groningen 1997/ (71)}) (12.
Nd2 Nxc3 13. bxc3 Nf6 14. Bg5 Rc8 15. e3 h6 16. Bxf6 Bxf6 17. a4 Qd7 18. Qb3
Rc7 19. Rc2 Rfc8 20. Rec1 Qf5 {1/2-1/2 Ivanchuk,V-Van Wely,L/Monte Carlo 1998/
(41)}) (12. Ne5 cxd4 13. Nxe4 dxe4 14. Nxd7 Qxd7 15. Rc7 {1-0 Sommerbauer,
N-James,D/Elista 1998/ (15)}) (12. Rf1 Rc8 13. Bh3 g5 14. Bd2 f5 15. Ne1 c4 16.
Nxe4 dxe4 17. Qa4 Bd5 18. Nc2 Be6 19. Ne3 Nc5 20. dxc5 Qxd2 21. cxb6 axb6 22.
Rc2 Qb4 {1/2-1/2 Calotescu,A-Sasu Ducsoara,A/Targoviste 2001/ (40)}) (12. Qa4
a6 13. dxc5 Bxc5 14. e3 b5 15. Qb3 Bb6 16. Red1 Ndc5 17. Qc2 Rc8 18. Nxe4 Nxe4
19. Qd3 Qe7 20. Be5 Rcd8 {1/2-1/2 Jatautis,D-Gashimov,S/Nakhchivan 2003/ (77)})
12... dxe4 13. Nd2 Nf6 (13... f5 14. Nc4 g5 15. Bd6 Rf6 16. dxc5 Nxc5 17. Be5
Re6 18. b4 Na6 19. a3 Qe8 20. Ba1 Rd8 21. Qb3 Bd5 22. Qb1 Qf7 23. Ne3 {1-0
Ortega,L-Borges Mateos,J/Cienfuegos 1989/ (73)}) 14. Nb3 {White is unable to
claim any advantage from the opening, but the position is full of life.} (14.
dxc5 Bxc5 15. Nb3 Bb4 16. Rf1 Rc8 17. a3 Rxc1 18. Qxc1 Bd6 19. Rd1 Bxf4 20.
gxf4 Qe7 {1/2-1/2 Hollermann,T-Gresshoff,W/Muensterland 2003/ (26)}) 14... cxd4
15. Qxd4 (15. Nxd4 Bb4 16. Rf1 Qd5 17. a3 Rfd8 $11) 15... Rc8 16. Rxc8 Qxc8 17.
Rc1 Qa8 18. Qa4 (18. Rc7 $2 Rd8 19. Qa4 Rd1+ 20. Bf1 Nd5 $17) 18... Rc8 19.
Rxc8+ Bxc8 20. Nd4 (20. Nd2 Bb7 21. Bg5 h6 22. Bxf6 Bxf6 23. Bxe4 Bxb2 $11)
20... Qd5 21. Be3 Qd7 22. Qc6 Bb7 (22... Bc5 23. Bxe4 Bxd4 24. Bxd4 Nxe4 25.
Qxe4 f6 $14) (22... h6 $5 23. Bxe4 Nxe4 24. Qxe4 Bb7 25. Qf5 Qa4 26. Qb1 Bf6
$44) 23. Qxd7 Nxd7 24. Nb5 (24. Nf5 Kf8 25. Nxe7 Kxe7 26. Bd4 f6 $14) 24... a6
$6 (24... a5 25. Nc3 Bc5 $5 (25... f5 26. g4 fxg4 27. Nxe4 Bd5 28. b3 b5 29.
Nc3 Bxg2 30. Kxg2 b4 31. Nd5 Bd6 $13) 26. Nxe4 Bxe3 27. fxe3 Kf8 $11) 25. Nc3
Bf6 (25... Bc5 26. Bxc5 Nxc5 27. b4 $16) (25... f5 26. Bh3 g6 27. g4 fxg4 28.
Bxg4 Nf8 29. Bxb6 Kf7 30. Bh3 $16) 26. Nxe4 Bxb2 (26... Bxe4 27. Bxe4 Bxb2 28.
Bb7 a5 29. f4 $14) 27. Nf6+ Bxf6 28. Bxb7 {[%mdl 4096] Two bishops in an open
position with pawn assymetry promise white significant pull.} a5 29. f4 Nc5 (
29... Be7 30. Kg2 Bc5 31. Bd2 $14) 30. Bd5 Kf8 (30... Na4 $5 31. Bf2 (31. Bc6
Nc3 32. Kf1 b5 $11) 31... Nc3 32. e4 b5 33. Bc5 b4 34. Kf2 $14) 31. Kf2 Bc3 (
31... Na4 32. Bc6 Nc3 33. Bxb6 Nxa2 34. Bxa5 $16) 32. g4 f6 33. Kg3 Be1+ 34.
Kf3 Ke7 (34... Bc3 35. Bf2 Ke7 36. h4 $14) 35. Bd4 h6 36. g5 $5 {Very
interesting moment, bishops naturally need breathing space. The negative side
of this idea is the reduction in number of pawns.} hxg5 37. fxg5 fxg5 (37...
Bh4 38. g6 Kd6 39. e4 Nd7 40. Kg4 Be1 41. a4 $14) 38. Kg4 (38. Bxg7 Nd7 $14)
38... Bd2 (38... Bh4 39. Kf5 Kf8 40. e4 $16) 39. e3 Kd6 40. Bc4 Nd7 (40... a4
$1 41. Kxg5 b5 42. Bxb5 (42. Bf7 Ne6+ 43. Bxe6 Kxe6 44. Kf4 b4 $11) 42... Ne6+
43. Kf5 Nxd4+ 44. exd4 Kd5 45. Bxa4 Kxd4 $11) 41. Kxg5 Ne5 42. Be2 b5 (42...
Kd5 43. Kf5 (43. Bxb6 $2 Ke4 $11) 43... g6+ 44. Kf4 $16) (42... Nc6 43. Bxb6
Nb4 44. Bxa5 (44. Bc4 Nc2 45. Kf4 Kc6 46. Ba7 Kb7 47. Bb3 g5+ 48. Ke4 Kxa7 49.
Bxc2 Kb6 $14) 44... Bxe3+ 45. Kg6 Nxa2 46. Kxg7 $16) 43. Kf5 (43. Bxb5 Nf3+ 44.
Kg6 Nxd4 45. exd4 Bc3 46. Kxg7 Bxd4+ $11) 43... Nc4 (43... g6+ 44. Ke4 Nc6 45.
Bb6 b4 $14) 44. e4 $1 (44. Ke4 g5 (44... Ke7 45. Bxg7 Nd6+ 46. Kd3 Bxe3 47.
Kxe3 Nf5+ 48. Ke4 Nxg7 49. Bxb5 $18) 45. a4 Bxe3 46. Bxe3 Nxe3 47. Kxe3 bxa4
$11) 44... Bh6 (44... g5 45. Bf6 $16) 45. Bxc4 (45. e5+ Kd5 46. Bxc4+ Kxd4 (
46... bxc4 47. Bc3 (47. e6 Kxd4 $1 48. e7 c3 49. e8=Q c2 50. Qe5+ Kd3 51. Qd5+
Ke2 52. Qe4+ Kd2 53. Qd4+ Ke2 $11) 47... a4 48. e6 Kd6 49. Bb4+ Kc7 50. Kg6 $18
) 47. Bxb5 Kc5 48. Bd7 Bd2 49. Kg6 Bc3 50. e6 Kd6 51. Kf7 Bf6 52. h3 Bh4 53.
Kxg7 Ke7 $16) 45... bxc4 46. e5+ Ke7 (46... Kd5 47. Bc3 $1 $18) 47. Bc3 {
In the bishops ending black has to fight against white's many pluses in
advanced pawn, bettwe pawn structure and more active pieces.} a4 48. Bb4+ Ke8
49. e6 (49. Ke4 $1 Bc1 (49... Kf7 50. Kd5 Bg5 51. e6+ Kf6 52. Bc3+ Ke7 53. Bxg7
Bd2 54. Kxc4 Kxe6 55. Kb5 $18) 50. Kd4 Bb2+ 51. Bc3 a3 52. Kxc4 Kf7 53. Kb3 $18
) 49... Bc1 50. Bc3 a3 51. Ke4 Bb2 52. Bb4 (52. Kd4 Ke7 53. Kxc4 Kxe6 54. Kb3
Bxc3 55. Kxc3 g5 56. Kb3 Kf5 57. Kxa3 Kg4 58. Kb4 Kh3 59. a4 Kxh2 60. a5 g4 $11
) 52... g6 53. Ke3 Kd8 54. Kd2 Kc7 55. Kc2 $1 Kc6 56. Bc3 Bxc3 (56... Kd6 57.
Bxb2 axb2 58. Kxb2 Kxe6 59. Kc3 Kd5 60. h4 Kc5 61. a4 Kd5 62. a5 Kc5 63. a6 Kb6
64. Kxc4 Kxa6 65. Kd5 $18) 57. Kxc3 Kd6 58. Kxc4 Kxe6 59. Kb3 Kd5 (59... Kf5
60. Kxa3 Kg4 61. Kb4 Kh3 62. a4 Kxh2 63. a5 g5 64. a6 $18) 60. Kxa3 Kc4 61. h4
Kd5 1-0

[Event "GER-ch 72nd"]
[Site "Heringsdorf"]
[Date "2000.11.19"]
[Round "3"]
[White "Bischoff, Klaus"]
[Black "Buhmann, Rainer"]
[Result "1/2-1/2"]
[WhiteElo "2556"]
[BlackElo "2416"]
[Annotator "Ftacnik,L"]
[PlyCount "64"]
[EventDate "2000.11.17"]
[EventType "swiss"]
[EventRounds "9"]
[EventCountry "GER"]
[SourceTitle "CBM 080"]
[Source "ChessBase"]
[SourceDate "2001.01.25"]
[SourceVersion "1"]
[SourceVersionDate "2001.01.25"]
[SourceQuality "1"]

1. Nf3 Nf6 2. c4 e6 3. g3 b6 4. Bg2 Bb7 5. O-O Be7 6. d4 O-O 7. Re1 d5 8. cxd5
exd5 9. Nc3 Na6 10. Bg5 Ne4 11. Bxe7 Qxe7 12. Qa4 (12. Rc1 Rfd8 (12... c5 13.
e3 Nc7 14. Qa4 Nxc3 15. bxc3 Ne6 16. Qa3 Rfe8 17. Ne5 a6 18. Rb1 b5 {1/2-1/2
Marin,M-Itkis,B/Bucharest 1997/ (24)}) 13. Ne5 (13. e3 c5 14. Qa4 (14. a3 Nc7
15. Qc2 Ne6 16. dxc5 bxc5 17. Nxe4 dxe4 18. Nd2 f5 19. Red1 Ba6 20. Nc4 {
1-0 Strauss,D-Peters,J/Lone Pine 1981/ (59)}) 14... Nb4 15. Red1 a5 16. dxc5
bxc5 17. Qa3 Nd6 18. b3 Qf6 19. Ne1 d4 20. exd4 Bxg2 21. Kxg2 cxd4 {1/2-1/2
Suba,M-Spassov,L/Sochi 1977/ (41)}) 13... c5 14. Qa4 cxd4 15. Qxd4 Nac5 16. Nd3
Ne6 17. Qe5 Nxc3 18. Rxc3 d4 19. Bxb7 Qxb7 20. Rc2 {1-0 Spassov,L-Kestler,H/
Moscow 1977/ (59)}) 12... Rfd8 13. Ne5 c5 14. e3 Nxc3 (14... f6 $5 15. Nd3 Nxc3
16. bxc3 Qd7 $13) 15. bxc3 cxd4 $2 {[%mdl 16384] Wrong strategical decision,
white retains better pawn structure and more active pieces.} (15... Nc7 16.
Rab1 Ne6 $13) 16. cxd4 Nc7 17. Rec1 Ne8 (17... f6 18. Nc6 Qe8 19. Rc3 $14) 18.
Rc2 Nf6 (18... Rdc8 $2 19. Rxc8 Rxc8 20. Qxa7 $16) 19. Rac1 Rdc8 20. Bh3 $1 (
20. Rxc8+ Rxc8 21. Rxc8+ Bxc8 22. h3 $14) 20... Rxc2 21. Qxc2 g6 22. Qc7 Re8
23. Rc2 (23. Nd7 $5 Ne4 (23... Ba6 24. Qxa7 Bc4 25. Nxf6+ Qxf6 26. a4 $16) 24.
Qxb7 Nxf2 25. Rf1 Nxh3+ 26. Kg2 Kg7 27. Qxd5 $16) (23. Bd7 Nxd7 24. Qxd7 Qxd7
25. Nxd7 $16) (23. Bf1 Kf8 24. Bb5 Qxc7 25. Rxc7 Re7 26. Nd7+ Nxd7 27. Bxd7 Ba8
28. Kg2 a5 $14) 23... Kg7 24. a4 Ba6 25. a5 $1 {Bischoff cleverly creates
additional targets by breaking up black's pawn structure.} bxa5 (25... b5 26.
Qc6 Qb4 27. Kg2 Qxa5 28. Qc7 Qxc7 29. Rxc7 Ne4 30. Rxf7+ Kg8 31. Rxa7 $18) 26.
Qxa5 Qb7 27. Rc1 Re7 28. Bg2 $6 (28. Qa3 $1 Re8 (28... Bb5 29. Bc8 $18) 29. Ra1
Bc4 30. Bg2 Qe7 31. Qxa7 $16) (28. Bc8 $2 Qb2 29. Qe1 Bxc8 30. Rxc8 Ne4 $11)
28... Qb2 $1 (28... Ne4 29. Bxe4 dxe4 30. Nc6 Re8 31. Qc5 $16) 29. Qc5 (29. Rd1
Bb5 $14) 29... Nd7 (29... Ne4 $5 30. Qc2 (30. Bxe4 dxe4 31. Rd1 Rb7 $11) 30...
Qxc2 31. Rxc2 Rb7 32. Rc1 f6 $11) 30. Nxd7 Rxd7 31. Rc2 (31. Re1 Bc4 32. h3 $14
) 31... Qb1+ 32. Rc1 Qb2 1/2-1/2

[Event "Reggio Emilia 0001 43th"]
[Site "Reggio Emilia"]
[Date "2001.01.01"]
[Round "3"]
[White "Romanishin, Oleg M"]
[Black "Naumkin, Igor"]
[Result "1-0"]
[WhiteElo "2591"]
[BlackElo "2440"]
[Annotator "Ftacnik,L"]
[PlyCount "79"]
[EventDate "2000.12.30"]
[EventType "tourn"]
[EventRounds "9"]
[EventCountry "ITA"]
[EventCategory "8"]
[SourceTitle "CBM 081"]
[Source "ChessBase"]
[SourceDate "2001.03.20"]
[SourceVersion "1"]
[SourceVersionDate "2001.03.20"]
[SourceQuality "1"]

1. Nf3 Nf6 2. c4 e6 3. g3 b6 4. Bg2 Bb7 5. Nc3 Be7 6. d4 Ne4 7. Bd2 Bf6 8. Qc2
Nxd2 9. Qxd2 d6 10. Rd1 Nd7 11. Qc2 g6 (11... O-O 12. Ng5 $1 Bxg5 13. Bxb7 Rb8
14. Bc6 $14) 12. h4 Bg7 13. h5 a6 14. Kf1 $1 {[%mdl 4] White has given up his
dark squared bishop, his compensation lays in excellent center and play along
the h file.} (14. O-O $6 Nf6 15. hxg6 hxg6 $15) 14... Qe7 (14... O-O 15. hxg6
hxg6 16. d5 $14) 15. Nd2 Bxg2+ 16. Kxg2 O-O (16... O-O-O 17. Nf3 f5 18. b4 $14)
(16... Bxd4 $2 17. Qe4 $18) 17. Nf3 f5 (17... c5 18. d5 Nf6 19. dxe6 Qxe6 20.
Nd5 $14) 18. hxg6 hxg6 19. Qd2 b5 (19... c6 20. d5 cxd5 21. cxd5 e5 22. Ng5 $14
) 20. Qe3 c6 (20... bxc4 $2 21. Nd5 Qf7 22. Ng5 $18) 21. d5 $1 b4 (21... Ne5
22. Nxe5 dxe5 23. dxc6 bxc4 24. Rd7 $16) (21... cxd5 $2 22. Nxd5 $18) 22. Na4 (
22. Qxe6+ Qxe6 23. dxe6 Nc5 24. Nb1 Rae8 25. Rxd6 Rxe6 26. Rxe6 Nxe6 27. b3 Rd8
$14) 22... cxd5 (22... c5 $2 23. Qxe6+ $18) 23. cxd5 e5 24. Qg5 Qe8 $6 {
Naumkin clearly overestimates his defensive potential, it was much better to
accept slightly worse ending.} (24... Qxg5 $5 25. Nxg5 Rfc8 26. Rc1 Rxc1 27.
Rxc1 Bh6 28. Rc7 Nf6 29. Ne6 Nxd5 30. Rd7 a5 31. Rxd6 $14) 25. Qh4 Nf6 26. Nb6
Rb8 (26... Ra7 27. Nc4 Rd7 28. Ng5 $16) 27. Nc4 b3 (27... Qa4 28. Ng5 Qxa2 29.
Ne6 e4 30. Nxd6 $16) 28. axb3 Qd7 (28... Rxb3 29. Nxd6 Qd7 30. Nc4 e4 31. Nd4
Qxd5 32. Nxb3 Qxc4 33. Nd4 $18) 29. Qg5 Rxb3 (29... Kf7 $2 30. Nfxe5+ dxe5 31.
Nxe5+ $18) 30. Qxg6 f4 (30... Rb4 31. Rh4 e4 32. Rdh1 exf3+ 33. exf3 $18) 31.
Rh4 Qe8 {Not a nice move, but black has to prevent mating attack along the h
file.} (31... fxg3 $2 32. Rdh1 $1 gxf2 33. Rh8#) 32. Qc2 (32. Qxe8 Nxe8 33.
Nfd2 $16) 32... Rb4 33. Nxd6 Qd7 (33... Qb8 34. Nc4 $18) 34. Nc4 e4 (34... Nxd5
$2 35. Qh7+ Kf7 36. Ncxe5+ $18) 35. Nfe5 Qb5 36. Rxf4 (36. gxf4 Nxd5 37. Qxe4
$18) 36... Rc8 (36... Nxd5 37. Rxf8+ Kxf8 38. Qxe4 Bxe5 39. Rxd5 $18) 37. b3 (
37. Rd4 Nxd5 38. Rfxe4 $18) 37... Rxb3 (37... Nxd5 38. Rxe4 Qb7 39. Kh2 Rxb3
40. Rxd5 $1 Qxd5 41. Qxb3 $18) 38. Rxf6 $1 {Black king is losing the last
defenders of his naked nature.} Bxf6 39. Qxe4 Qe8 (39... Bxe5 40. Qg4+ Kf8 41.
Qxc8+ $18) 40. Nd6 1-0

[Event "EU-Cup 18th"]
[Site "Kallithea"]
[Date "2002.09.24"]
[Round "3.3"]
[White "Savchenko, Stanislav"]
[Black "Couso, Luis"]
[Result "1-0"]
[WhiteElo "2537"]
[BlackElo "2345"]
[Annotator "Ftacnik,L"]
[PlyCount "103"]
[EventDate "2002.09.22"]
[EventType "team-swiss"]
[EventRounds "7"]
[EventCountry "GRE"]
[SourceTitle "CBM 092"]
[Source "ChessBase"]
[SourceDate "2003.02.06"]
[SourceVersion "1"]
[SourceVersionDate "2003.02.06"]
[SourceQuality "1"]
[WhiteTeam "Donetsk"]
[BlackTeam "Sollentuna"]
[WhiteTeamCountry "UKR"]
[BlackTeamCountry "SWE"]

1. d4 Nf6 2. Nf3 e6 3. c4 b6 4. g3 Bb7 5. Bg2 Be7 6. O-O O-O 7. Re1 d5 8. cxd5
exd5 9. Nc3 Nbd7 10. Bf4 Ne4 11. Qc2 c5 12. dxc5 Nxc3 $6 {Not a serious
mistake just an innacuracy, white can now build his plans around the isolated
d5 pawn structure.} (12... Bxc5 13. Nxe4 dxe4 14. Ng5 Nf6 (14... Rc8 15. Qb1
Nf6 16. Nxe4 (16. b4 $5 Bxf2+ 17. Kxf2 h6 18. Rd1 Qe8 19. Kg1 hxg5 20. Bd6 Qe6
21. Bxf8 Rxf8 22. Qb3 $14 {Kasparov}) 16... Bxe4 17. Bxe4 Qd4 18. Bf3 Qxf2+ 19.
Kh1 Rfe8 20. Rf1 Qd4 21. Rd1 Qc4 22. Qf5 Be3 23. b3 Qc2 24. Qxc2 Rxc2 25. Rd3
Bxf4 26. gxf4 g6 27. Kg2 Nh5 {0-1 Gurevich,M-Van Wely,L/Germany 2001/ (77)})
15. Nxe4 Bxe4 16. Bxe4 Qd4 17. Bf3 Qxf2+ 18. Kh1 Rac8 19. Rf1 Qd4 20. Rad1 Qb4
21. a3 Qb5 22. Qf5 Qa4 23. e4 {1-0 Kramnik,V-Van Wely,L/Tilburg 1997/ (33)})
13. c6 $1 Bxc6 (13... Nxe2+ 14. Qxe2 Bxc6 15. Nd4 Bb7 16. Qxe7 $18) 14. Qxc3
Rc8 15. Rac1 Nc5 (15... Bf6 16. Qd2 Nc5 17. Ne5 $14) 16. Be5 Ne4 (16... f6 17.
Bf4 Ne6 18. Nd4 Nxf4 19. gxf4 $14) 17. Qd3 Bc5 (17... Re8 18. Red1 $14) 18. Bd4
Bb7 19. Red1 Re8 20. e3 Qd7 21. Bxc5 Rxc5 (21... bxc5 22. Nd2 Nxd2 23. Rxd2
Red8 24. Qa3 $14) 22. Nd4 {Savchenko enjoys small, but pleasant pull with his
superior endgame chances.} Qa4 (22... Rec8 23. Rxc5 bxc5 24. Ne2 Nf6 25. Nf4
$14) 23. Qb3 Qxb3 (23... Qd7 $5) 24. Nxb3 Rxc1 (24... Rcc8 25. Nd4 $14) 25.
Nxc1 (25. Rxc1 Rc8 26. Rxc8+ Bxc8 $14) 25... Kf8 (25... Rc8 26. Nb3 Nf6 27. Nd4
$14) 26. Ne2 Nf6 27. Nc3 Rd8 28. f3 Rc8 (28... Ke7 29. Nb5 a6 30. Nd4 $14) 29.
g4 h6 (29... g5 30. Kf2 a6 31. Bf1 $14) 30. Kf2 Rc5 31. Bf1 Nd7 (31... a6 32.
Rd4 $14) 32. h4 Ne5 33. Rd4 a6 (33... Nc6 $2 34. Rxd5 $16) 34. Be2 b5 $6 {
[%mdl 4096] Black is creating aditional targets for white pieces for no
obvious reason.} (34... Ke7 35. f4 $14) 35. a4 $1 bxa4 36. Rxa4 a5 (36... Nc4
37. Rb4 Rc7 38. e4 a5 39. Rb3 Nd2 40. Nxd5 Bxd5 41. Rb8+ Ke7 42. exd5 Rd7 43.
Rb5 $18) 37. Rd4 Nc4 $2 (37... Bc6 38. h5 $14) 38. Bxc4 $1 Rxc4 (38... dxc4 39.
Na4 Rc6 40. e4 $16) 39. Rxc4 dxc4 40. e4 Ke7 41. Ke3 Kd6 42. Kd4 {Weak black
c4 pawn will be the cause for his undoing, white just needs to play with some
caution.} Ba6 43. f4 g6 (43... Bc8 44. f5 f6 45. Nb5+ Ke7 46. Kxc4 $18) (43...
f6 44. Nd5 $18) 44. g5 hxg5 45. hxg5 Ke6 (45... Kc6 46. Nd5 Kd6 47. Ne3 (47. f5
gxf5 48. exf5 Bc8 49. Ne3 c3 50. Kxc3 Ke5 $16) 47... c3 48. e5+ $1 (48. Kxc3
Kc5 49. b3 Bb5 50. Nc4 Bc6 51. e5 a4 $132) 48... Kc6 49. Kxc3 Kc5 50. f5 Bb5
51. e6 Be8 52. e7 gxf5 53. Nxf5 Kc6 54. Kd4 a4 55. Ke5 $18) 46. Kc5 f6 47. gxf6
Kxf6 48. Nd5+ Kf7 (48... Ke6 $2 49. Nc7+ $18) 49. Kb6 Bc8 50. Kxa5 Bg4 (50...
Bb7 51. Kb5 $18) 51. Kb4 Be2 52. Kc5 (52. Kc5 Bf3 53. Kd4 g5 54. fxg5 Kg6 55.
Ne3 Kxg5 56. Nxc4) 1-0

[Event "St Petersburg-ch 78th"]
[Site "St Petersburg"]
[Date "2005.03.20"]
[Round "4"]
[White "Loginov, Valery A"]
[Black "Ionov, Sergey"]
[Result "1-0"]
[WhiteElo "2507"]
[BlackElo "2527"]
[Annotator "Ftacnik,L"]
[PlyCount "53"]
[EventDate "2005.03.17"]
[EventType "tourn"]
[EventRounds "11"]
[EventCountry "RUS"]
[EventCategory "10"]
[SourceTitle "CBM 106"]
[Source "ChessBase"]
[SourceDate "2005.06.06"]
[SourceVersion "1"]
[SourceVersionDate "2005.06.06"]
[SourceQuality "1"]

1. Nf3 c5 2. c4 Nf6 3. Nc3 e6 4. g3 b6 5. Bg2 Bb7 6. O-O Be7 7. Re1 d5 8. cxd5
exd5 9. d4 O-O 10. Bf4 Na6 11. Rc1 Qc8 12. a3 (12. Be5 Rd8 13. a3 Qd7 14. Bf4
h6 15. dxc5 bxc5 16. Qb3 g5 17. Ne5 Qc8 18. Bd2 Rb8 19. e4 c4 20. Qc2 d4 21.
Nd5 Nxd5 22. exd5 Bf6 23. Nxf7 Kxf7 24. Qh7+ {1-0 Nogueiras,J-Pogorelov,R/
Alcobendas 1994/ (38)}) (12. Ne5 Rd8 13. dxc5 bxc5 14. e4 dxe4 15. Qb3 Rf8 16.
Nc4 Nb4 17. Nxe4 Nxe4 18. Bxe4 Bxe4 19. Rxe4 Bf6 20. Nd6 Qa6 21. Rxb4 cxb4 22.
Rc7 h5 23. Rxf7 Kh8 {0-1 Ivanov,V-Dragomarezkij,E/Sochi 1996/ (37)}) 12... Rd8
13. b4 $1 $146 {Excellent novelty, that presents black with new problems in
the center.} (13. Qc2 h6 14. Red1 Qe6 15. h3 Rac8 16. Qb3 Bc6 17. Qa2 Nc7 18.
Qb1 Nb5 {1/2-1/2 Shariyazdanov,A-Aseev,K/Nizhnij Novgorod 1998/ (18)}) 13... c4
(13... cxb4 14. Nxd5 Nxd5 15. Rxc8 Rdxc8 16. Ne5 bxa3 17. Bd2 $16) (13... Qf5
14. bxc5 bxc5 15. Rb1 $14) 14. Ng5 Re8 (14... h6 15. Bh3 Nd7 16. Nxf7 $1 Kxf7
17. e4 Nc7 (17... dxe4 18. Qh5+ g6 19. Be6+ Kxe6 (19... Kf6 20. Qh3) 20. Qxg6+
Nf6 21. Nxe4) 18. exd5 Bf6 19. Ne4 $18) 15. e4 dxe4 (15... h6 16. e5 hxg5 17.
exf6 Bxf6 18. Be5 $14) 16. d5 $1 {[%mdl 32] Loginov plays with great energy in
the center. It becomes obvious, that white has achieved much.} Bf8 $2 (16...
Qd7 17. Ngxe4 Rad8 18. d6 $14) (16... Qf5 17. Qd4 h6 18. Ngxe4 Nxd5 19. Nxd5
Bxd5 20. Qxd5 Qxd5 21. Nf6+ Bxf6 22. Bxd5 $14) 17. Ncxe4 $1 Nxe4 (17... Nxd5
18. Qh5 Qf5 19. Nf6+ $1 Nxf6 (19... gxf6 20. Qxf7+ Kh8 21. Rxe8 Rxe8 22. Be4
Qxe4 23. Nxe4 $18) 20. Qxf7+ Kh8 21. Bxb7 $18) (17... Bxd5 18. Nxf6+ gxf6 19.
Rxe8 Qxe8 20. Qxd5 $18) 18. Bxe4 h6 (18... g6 19. d6 Qd7 20. Rxc4 $16) 19. Qh5
{After this logical enforcement of attacking pieces black is simply
overwhelemed.} Qd7 (19... Rxe4 20. Qxf7+ Kh8 21. Nxe4 $18) 20. Bh7+ Kh8 21. Bf5
$1 Rxe1+ 22. Rxe1 g6 (22... Qxd5 23. Nxf7+ Kg8 24. Nxh6+ gxh6 25. Qg6+ Bg7 26.
Re8+ Rxe8 27. Qxe8+ Bf8 28. Be6+ $18) 23. Bxd7 (23. Be5+ $1 {White alaready
had a pleasant choice of winning continuations.} Kg8 24. Bxg6 fxg6 25. Qxg6+
Bg7 26. Qh7+ Kf8 27. Ne6+ Qxe6 28. Bxg7+ $18) 23... gxh5 24. Nxf7+ Kg7 25. Be6
Re8 (25... Kg6 26. Ne5+ Kh7 27. Nxc4 $18) 26. Bxh6+ (26. Be5+ Kh7 27. f4 Bc8
28. f5 $18) 26... Kg6 27. Bxf8 1-0